[Event "Tourn. n10221"]
[Site "www.echecsemail.com"]
[Date "2020.01.27"]
[Round "1"]
[White "Passaroa25"]
[Black "Rcdamaceanu"]
[WhiteElo "1710"]
[BlackElo "1749"]
[Result "0-1"]
[Round "1"]
1.Nb1c3 d5
2.d4 Ng8f6
3.f3 e6
4.Bc1d2 c5
5.Bd2e3 cxd4
6.Be3xd4 Nb8c6
7.e3 e5
8.Bd4xa7 Ra8xa7
9.Qd1c1 Bf8c5
10.Ng1e2 O-O
11.Ne2g3 d4
12.Nc3e4 Qd8a5
13.Ne4d2 h5
14.e4 Bc5e7
15.Bf1d3 Qa5d8
16.a3 Bc8e6
17.Bd3c4 Nf6e8
18.Ng3xh5 Ne8c7
19.O-O b5
20.Bc4d3 Be6c8
21.Nh5g3 g6
22.Nd2b3 Bc8d7
23.Nb3d2 Qd8b8
24.Nd2b3 Qb8b6
25.Nb3d2 Qb6b8
26.b4 Rf8e8
27.Nd2b3 Bd7e6
28.Nb3c5 Be7f6
29.Qc1b2 Qb8b6
30.Ng3e2 Kg7
31.Ne2g3 Re8d8
32.a4 Rd8a8
33.Bd3xb5 Nc7xb5
34.Nc5xe6 fxe6
35.axb5 Ra7xa1
36.Rf1xa1 Ra8xa1
37.Qb2xa1 Nc6xb4
38.Kf1 Qb6xb5
39.Kf2 Qb5c6
40.Qa1a7 Kh6
41.Ng3e2 Nb4xc2
42.g3 Bf6g5
43.f4 exf4
44.Ne2xf4 Qc6xe4
45.Nf4g2 e5
46.Qa7f7 Bg5e3
47.Ke2 Qe4xg2
48.Kd3 Nc2e1
49.Kc4 Qg2c6
50.Kb3 Ne1d3
51.Qf7f8 Kh7
52.Qf8f7 Kh6
53.Qf7f8 Kh5
54.Qf8a3 Qc6c3
55.Ka4 Nd3c5
56.Qa3xc5 Qc3xc5
{ resign }
0-1

[Event "Match"]
[Site "www.echecsemail.com"]
[Date "2020.01.27"]
[Round "1"]
[White "Roma753"]
[Black "Geodad5"]
[WhiteElo "2120"]
[BlackElo "2060"]
[Result "1-0"]
[Round "1"]
1.Ng1f3 d5
2.c4 c6
3.g3 Ng8f6
4.Bf1g2 Nb8d7
5.cxd5 cxd5
6.O-O e6
7.d3 Bf8e7
8.Nb1c3 O-O
9.e4 dxe4
10.dxe4 e5
11.Bc1g5 a6
12.Qd1c2 h6
13.Bg5xf6 Be7xf6
14.Rf1d1 Qd8e8
15.Nc3d5 Bf6d8
16.Nd5c7 Bd8xc7
17.Qc2xc7 f6
18.Nf3h4 Rf8f7
19.Nh4f5 Nd7f8
20.Qc7b6 Rf7d7
21.Rd1xd7 Nf8xd7
22.Qb6c7 Nd7f8
23.Qc7xg7 { resign }
1-0

[Event "Match"]
[Site "www.echecsemail.com"]
[Date "2020.01.27"]
[Round "1"]
[White "Krokolis"]
[Black "Micheles"]
[WhiteElo "1599"]
[BlackElo "2600"]
[Result "0-1"]
[Round "1"]
1.e4 c6
2.Ng1e2 d5
3.exd5 cxd5
4.d4 Nb8c6
5.c3 Ng8f6
6.Qd1b3 e6
7.Ne2g3 Qd8c7
8.h3 Nc6xd4
9.Qb3a4 Nd4c6
10.Bc1e3 Bf8d6
11.Qa4h4 O-O
12.Bf1d3 Nc6e5
13.Bd3c2 Ne5g6
14.Bc2xg6 fxg6
15.Nb1d2 Bc8d7
16.O-O Ra8c8
17.Rf1d1 e5
18.Ra1c1 h6
19.Nd2f3 e4
20.Nf3e1 g5
21.Be3xg5 hxg5
22.Qh4xg5 Bd6f4
23.Qg5g6 e3
24.Rc1c2 exf2
25.Kxf2 Bf4xg3
26.Kg1 Nf6g4
27.hxg4 Bg3h2
28.Kh1 Rf8f1
{ resign }
0-1

[Event "Match"]
[Site "www.echecsemail.com"]
[Date "2020.01.27"]
[Round "1"]
[White "Sonny1000"]
[Black "Paco"]
[WhiteElo "1560"]
[BlackElo "1720"]
[Result "1-0"]
[Round "1"]
1.e4 e5
2.f3 Nb8c6
3.c3 Bf8c5
4.Nb1a3 d6
5.Ng1e2 Ng8f6
6.Ne2g3 Bc8e6
7.Na3c4 h5
8.Ng3f5 O-O
9.Qd1a4 a6
10.b4 b5
11.Qa4d1 Be6xc4
12.d3 Bc5f2
13.Kxf2 Bc4e6
14.Nf5h4 Nf6xe4
15.dxe4 Qd8xh4
16.g3 Qh4f6
17.a3 h4
18.f4 exf4
19.gxf4 Qf6xc3
20.Ra1b1 Qc3f6
21.Rh1g1 Rf8e8
22.Qd1h5 g6
23.Qh5h6 Nc6e5
24.f5 Be6xf5
25.Bc1g5 Ne5g4
26.Rg1xg4 Qf6d4
27.Bg5e3 Qd4e5
28.Rg4g2 Qe5xe4
29.Rb1e1 Re8e6
{ time. }
1-0

[Event "Tourn. n10272"]
[Site "www.echecsemail.com"]
[Date "2020.01.27"]
[Round "1"]
[White "Johnmcbride"]
[Black "Cal"]
[WhiteElo "1780"]
[BlackElo "1710"]
[Result "1-0"]
[Round "1"]
1.e4 e5
2.Ng1f3 d6
3.d4 exd4
4.Qd1xd4 Nb8c6
5.Qd4e3 h6
6.a3 Ng8f6
7.h3 a6
8.Bf1d3 Bf8e7
9.O-O O-O
10.b4 b5
11.c3 Bc8b7
12.Nb1d2 Nf6h7
13.Nd2b3 Qd8d7
14.Qe3e2 f6
15.Bc1e3 Nc6e5
16.Nf3xe5 dxe5
17.Be3c5 Be7xc5
18.Nb3xc5 Qd7c6
19.Rf1d1 Nh7g5
20.Bd3c2 Ra8d8
21.f3 Rd8xd1
22.Ra1xd1 f5
23.exf5 g6
24.Qe2xe5 Ng5xf3
25.gxf3 Bb7a8
26.Rd1d7 Qc6f6
27.Qe5xc7 Qf6g5
28.Kh2 Qg5f6
29.Nc5e6 Rf8f7
30.Qc7c8 { resign }
1-0

[Event "Tourn. n10252"]
[Site "www.echecsemail.com"]
[Date "2020.01.27"]
[Round "1"]
[White "Cal"]
[Black "Osopanda"]
[WhiteElo "1770"]
[BlackElo "1610"]
[Result "0-1"]
[Round "1"]
1.Ng1f3 d6
2.e4 Ng8f6
3.d3 e5
4.h3 Bf8e7
5.Bf1e2 Bc8e6
6.a3 O-O
7.Nb1c3 c6
8.Bc1g5 Nb8d7
9.b4 Qd8c7
10.O-O a6
11.Qd1d2 Ra8c8
12.Nc3a4 b5
13.Na4b2 d5
14.c3 c5
15.bxc5 Nd7xc5
16.Be2d1 dxe4
17.Nf3h2 exd3
18.Rf1e1 e4
19.f3 Be6b3
20.Bg5f4 Be7d6
21.Bf4xd6 Qc7xd6
22.Nh2f1 Bb3xd1
23.Nb2xd1 Rf8e8
24.Nd1e3 exf3
25.g3 Nc5e4
26.Ne3f5 Qd6c5
27.Qd2e3 Qc5xe3
28.Nf1xe3 f2
29.Kf1 fxe1Q
30.Ra1xe1 Rc8xc3
31.Ne3g2 d2
32.Re1d1 Rc3c1
33.Nf5e3 Ne4c3
34.Kf2 Nc3xd1
35.Ne3xd1 Rc1xd1
{ resign }
0-1

[Event "Tourn. n10286"]
[Site "www.echecsemail.com"]
[Date "2020.01.28"]
[Round "1"]
[White "Apdash"]
[Black "Aders1"]
[WhiteElo "2200"]
[BlackElo "2300"]
[Result "0-1"]
[Round "1"]
1.e4 g6
2.d4 Bf8g7
3.c4 d6
4.Nb1c3 Ng8f6
5.Bf1d3 O-O
6.Ng1e2 e5
7.O-O exd4
8.Ne2xd4 Nb8c6
9.Nd4e2 Nf6d7
10.Nc3d5 a5
11.a3 Nd7e5
12.Bd3b1 Ne5xc4
13.Qd1c2 b5
14.Bb1a2 Nc6e5
15.Ra1b1 c6
16.Ba2xc4 bxc4
17.Nd5e3 d5
18.exd5 cxd5
19.Rf1d1 Bc8b7
20.Ne2f4 d4
21.Ne3xc4 Ra8c8
22.b3 Rf8e8
23.Bc1b2 Ne5xc4
24.bxc4 Bb7e4
25.Nf4d3 Qd8g5
26.g3 Qg5g4
27.Rd1e1 Qg4f3
28.Re1xe4 Qf3xe4
29.Rb1e1 Qe4c6
30.Re1c1 Re8e4
31.c5 Rc8e8
32.h4 Re4e2
33.Qc2c4 Bg7e5
34.Nd3xe5 Re8xe5
{ resign }
0-1

[Event "Tourn. n10283"]
[Site "www.echecsemail.com"]
[Date "2020.01.28"]
[Round "1"]
[White "Koudelka"]
[Black "Jjmcbride"]
[WhiteElo "1809"]
[BlackElo "1660"]
[Result "1-0"]
[Round "1"]
1.e4 e5
2.Ng1f3 d6
3.Bf1b5 c6
4.Bb5e2 Nb8d7
5.Nb1c3 Nd7b6
6.d4 f6
7.O-O g5
8.a4 a5
9.Bc1e3 Bc8e6
10.dxe5 d5
{ time. }
1-0

[Event "Tourn. n10230"]
[Site "www.echecsemail.com"]
[Date "2020.01.28"]
[Round "1"]
[White "Churrasca"]
[Black "Said13"]
[WhiteElo "2240"]
[BlackElo "2390"]
[Result "0-1"]
[Round "1"]
1.e4 c5
2.Ng1f3 d6
3.d4 cxd4
4.Nf3xd4 Ng8f6
5.Nb1c3 a6
6.Bf1e2 e5
7.Nd4b3 Bf8e7
8.O-O O-O
9.Bc1e3 Bc8e6
10.Qd1d3 Nb8c6
11.a3 Ra8c8
12.Nc3d5 Nf6d7
13.Qd3d2 h6
14.Rf1d1 Be7g5
15.Be3xg5 Qd8xg5
16.Qd2xg5 hxg5
17.h3 Rf8d8
18.Be2g4 Nd7f6
19.Bg4xe6 fxe6
20.Nd5b6 Rc8c7
21.f3 Kf7
22.Rd1d2 Nc6d4
23.Nb3xd4 exd4
24.Rd2xd4 Rc7xc2
25.b4 Nf6h5
26.Ra1d1 Nh5f4
27.Rd4xd6 Rc2xg2
28.Kf1 Rd8h8
29.Rd1d2 Rg2g3
30.Rd6d7 Kg6
31.Nb6c4 Kf6
32.Rd7xb7 Rh8xh3
33.Ke1 Rh3h1
34.Kf2 Rg3g2
35.Ke3 Rh1e1
36.Kd4 Rg2xd2
37.Nc4xd2 Re1a1
38.Nd2c4 Ra1d1
39.Kc3 Rd1d3
40.Kc2 Rd3xf3
41.e5 Kg6
42.Rb7a7 g4
43.Kd1 g3
44.Nc4d2 Rf3f2
45.Nd2e4 Rf2f1
46.Kd2 g2
{ resign }
0-1

[Event "Match"]
[Site "www.echecsemail.com"]
[Date "2020.01.28"]
[Round "1"]
[White "Luke1302"]
[Black "Bjonil60"]
[WhiteElo "1370"]
[BlackElo "1440"]
[Result "0-1"]
[Round "1"]
1.d4 d5
2.Qd1d2 e6
3.g4 f6
4.b3 Qd8e7
5.Bc1a3 Nb8c6
6.Bf1g2 Qe7f7
7.c4 dxc4
8.d5 exd5
9.Bg2xd5 Qf7g6
10.Qd2e3 Nc6e7
 { time }
0-1

[Event "Tourn. n10228"]
[Site "www.echecsemail.com"]
[Date "2020.01.28"]
[Round "1"]
[White "Rons"]
[Black "Numanoid"]
[WhiteElo "2610"]
[BlackElo "2760"]
[Result "1/2-1/2"]
[Round "1"]
1.e4 Nb8c6
2.Ng1f3 d6
3.d4 Ng8f6
4.d5 Nc6b8
5.Bf1d3 g6
6.O-O Bf8g7
7.c4 O-O
8.Nb1c3 e5
9.Bc1g5 h6
10.Bg5e3 a5
11.Rf1e1 Nb8a6
12.h3 Nf6h5
13.Qd1d2 Kh7
14.a3 f5
15.exf5 Bc8xf5
16.Bd3xf5 gxf5
17.Qd2c2 Qd8f6
18.Ra1d1 Kh8
19.Nc3e2 Ra8e8
20.Be3d2 e4
21.Bd2c3 Qf6g6
22.Nf3d4 Na6c5
23.b4 Nc5d3
24.Rd1xd3 exd3
25.Qc2xd3 axb4
26.axb4 Bg7xd4
27.Bc3xd4 Kh7
28.Kh2 f4
29.Qd3f3 Nh5f6
30.Bd4xf6 Rf8xf6
31.Qf3c3 Rf6f8
32.Ne2d4 Re8xe1
33.Qc3xe1 Rf8g8
34.Qe1g1 f3
{ draw }
1/2-1/2

[Event "Tourn. n10255"]
[Site "www.echecsemail.com"]
[Date "2020.01.28"]
[Round "1"]
[White "Esperanza"]
[Black "Fantomas"]
[WhiteElo "2070"]
[BlackElo "2100"]
[Result "1/2-1/2"]
[Round "1"]
1.d4 d5
2.Bc1f4 Ng8f6
3.e3 g6
4.h3 Bf8g7
5.Ng1f3 O-O
6.c4 e6
7.Nb1c3 c6
8.Bf1e2 Nb8d7
9.O-O Rf8e8
10.c5 b6
11.b4 Bc8b7
12.Nf3d2 e5
13.Bf4h2 exd4
14.exd4 b5
15.a4 a6
16.Nd2b3 Ra8c8
17.axb5 axb5
18.Ra1a7 Bb7a8
19.Qd1d2 Nd7f8
20.Rf1a1 Nf8e6
21.f4 Re8e7
22.f5 Re7xa7
23.Ra1xa7 Ne6f8
24.fxg6 hxg6
25.Qd2f4 Nf8e6
26.Qf4f2 Ne6c7
27.g4 Nf6e8
28.Nc3d1 Rc8b8
29.Nd1b2 Rb8b7
30.Ra7xb7 Ba8xb7
31.Nb3a5 Bb7a8
32.Nb2d3 f6
33.Nd3f4 g5
34.Nf4h5 Bg7h8
35.Qf2f5 Qd8e7
36.Kf2 Nc7e6
37.Qf5g6 Bh8g7
38.Be2d3 Ne6f8
39.Qg6f5 Qe7e6
40.Nh5g3 Kf7
41.Qf5xe6 Nf8xe6
42.Ng3f5 Bg7f8
43.Ke3 { draw }
1/2-1/2

[Event "Match"]
[Site "www.echecsemail.com"]
[Date "2020.01.28"]
[Round "1"]
[White "Roma753"]
[Black "Joseph1983"]
[WhiteElo "2120"]
[BlackElo "2210"]
[Result "1-0"]
[Round "1"]
1.Ng1f3 Ng8f6
2.c4 e6
3.Nb1c3 d5
4.d4 c5
5.cxd5 exd5
6.Bc1g5 Bf8e7
7.dxc5 Qd8a5
8.Ra1c1 Nb8d7
9.e3 Qa5xc5
10.Bf1e2 Qc5a5
11.O-O O-O
12.a3 Nd7b6
13.Qd1c2 Bc8e6
14.Rf1d1 Ra8c8
15.Nf3d4 g6
16.Nd4b3 { resign }
1-0

[Event "Match"]
[Site "www.echecsemail.com"]
[Date "2020.01.29"]
[Round "1"]
[White "Gimmyg"]
[Black "Mb20"]
[WhiteElo "2570"]
[BlackElo "1809"]
[Result "1-0"]
[Round "1"]
1.Nb1c3 Ng8f6
2.e4 e5
3.Ng1f3 Bf8b4
4.Nf3xe5 d6
5.Ne5c4 Bb4xc3
6.dxc3 O-O
7.Bc1g5 h6
8.Bg5xf6 Qd8xf6
9.Nc4e3 Bc8e6
10.g3 Nb8c6
11.Bf1g2 Nc6e5
12.f4 Ne5c4
13.Ne3xc4 Be6xc4
14.Qd1d4 Qf6xd4
15.cxd4 c6
16.b3 Bc4e6
17.f5 Be6d7
18.O-O-O a5
19.g4 b5
20.e5 d5
21.Kb2 a4
22.b4 Rf8e8
23.Rd1d3 g6
24.Rh1f1 h5
25.fxg6 fxg6
26.gxh5 gxh5
27.Rd3g3 Kh8
28.Rf1f6 Re8e6
29.Rf6f7 { resign }
1-0

[Event "Match"]
[Site "www.echecsemail.com"]
[Date "2020.01.29"]
[Round "1"]
[White "Koudelka"]
[Black "Guidom"]
[WhiteElo "1809"]
[BlackElo "2080"]
[Result "1/2-1/2"]
[Round "1"]
1.e4 e5
2.Ng1f3 Nb8c6
3.Bf1c4 d6
4.O-O Bf8e7
5.d4 Ng8f6
6.dxe5 dxe5
7.Qd1xd8 Be7xd8
8.Nb1c3 a6
9.Bc1e3 O-O
10.Be3c5 Rf8e8
11.Nf3g5 Bc8e6
12.Ng5xe6 fxe6
13.Ra1d1 b6
14.Bc5e3 b5
15.Bc4d3 Bd8e7
16.f3 Nc6d4
17.Nc3e2 c5
18.c3 Nd4xe2
19.Bd3xe2 Re8d8
20.b3 Kf8
21.Kf2 Ra8c8
22.Rd1xd8 Rc8xd8
23.a3 h6
24.g3 g5
25.c4 Rd8b8
26.cxb5 axb5
27.a4 bxa4
28.bxa4 Nf6d7
29.a5 Rb8a8
30.a6 Ke8
31.Be2b5 Kd8
32.Rf1d1 { draw }
1/2-1/2

[Event "Match"]
[Site "www.echecsemail.com"]
[Date "2020.01.29"]
[Round "1"]
[White "Goofy"]
[Black "Koudelka"]
[WhiteElo "2400"]
[BlackElo "2529"]
[Result "1/2-1/2"]
[Round "1"]
1.e4 Nb8c6
2.d4 Ng8f6
3.Nb1c3 e5
4.dxe5 Nc6xe5
5.f4 Ne5c6
6.e5 Nf6g8
7.Ng1f3 Bf8c5
8.Bf1c4 Ng8h6
9.f5 Nh6xf5
10.Bc4xf7 Kxf7
11.Qd1d5 Kg6
12.g4 Nf5e3
13.Bc1xe3 Bc5xe3
14.Qd5e4 Kf7
15.Rh1f1 Be3b6
16.O-O-O Ke8
17.Nc3d5 Nc6e7
{ draw }
1/2-1/2

[Event "Tourn. n10297"]
[Site "www.echecsemail.com"]
[Date "2020.01.29"]
[Round "1"]
[White "Fantomas"]
[Black "Scasan55"]
[WhiteElo "2190"]
[BlackElo "2040"]
[Result "1/2-1/2"]
[Round "1"]
1.e4 c5
2.Ng1f3 d6
3.d4 cxd4
4.Nf3xd4 Ng8f6
5.Nb1c3 a6
6.Bf1d3 Nb8c6
7.Nd4b3 e6
8.O-O Bf8e7
9.a3 { draw }
1/2-1/2

[Event "Tourn. n10272"]
[Site "www.echecsemail.com"]
[Date "2020.01.29"]
[Round "1"]
[White "Cal"]
[Black "Diselman"]
[WhiteElo "1710"]
[BlackElo "1750"]
[Result "0-1"]
[Round "1"]
1.c4 c5
2.Nb1c3 g6
3.h3 Nb8c6
4.a3 e6
5.e3 d5
6.cxd5 exd5
7.d3 d4
8.exd4 cxd4
9.Nc3e4 Bf8g7
10.Ng1f3 Ng8e7
11.Bc1f4 O-O
12.Bf1e2 Ne7d5
13.Qd1c2 Nd5xf4
14.O-O f5
15.b4 fxe4
16.dxe4 d3
17.Be2xd3 Nf4xh3
18.gxh3 Rf8xf3
19.Qc2d2 Rf3xd3
20.Qd2e2 Qd8g5
21.Qe2g4 Bc8xg4
22.hxg4 Qg5xg4
23.Kh1 Rd3h3
{ resign }
0-1

[Event "Tourn. n10285"]
[Site "www.echecsemail.com"]
[Date "2020.01.29"]
[Round "1"]
[White "Rons"]
[Black "Apdash"]
[WhiteElo "2610"]
[BlackElo "2260"]
[Result "1-0"]
[Round "1"]
1.e4 e5
2.Ng1f3 Nb8c6
3.Bf1b5 Ng8e7
4.O-O a6
5.Bb5c4 Ne7g6
6.d4 Bf8e7
7.Nf3xe5 Nc6xe5
8.dxe5 Ng6xe5
9.Bc4b3 c5
10.Qd1d5 d6
11.f4 Bc8e6
12.Qd5xb7 Be6xb3
13.axb3 Ne5d7
14.Ra1xa6 Ra8xa6
15.Qb7xa6 O-O
16.Qa6b7 Be7f6
17.Nb1a3 Qd8e7
18.Bc1e3 Bf6xb2
19.Na3c4 Rf8b8
20.Qb7c7 Bb2c3
21.Rf1d1 Qe7e8
22.Nc4xd6 Qe8d8
23.Qc7xd8 Rb8xd8
24.Nd6b7 { resign }
1-0

[Event "Match"]
[Site "www.echecsemail.com"]
[Date "2020.01.29"]
[Round "1"]
[White "Mb20"]
[Black "Jackbauer"]
[WhiteElo "1969"]
[BlackElo "1860"]
[Result "1-0"]
[Round "1"]
1.d4 d5
2.c4 e5
3.dxe5 d4
4.Ng1f3 c5
5.g3 Bc8e6
6.Bf1g2 Nb8c6
7.O-O g6
8.Bc1f4 Ng8e7
9.Nb1d2 Bf8g7
10.Bf4g5 O-O
11.Nd2e4 h6
12.Bg5f6 Bg7xf6
13.Ne4xf6 Kg7
14.Nf6e4 b6
15.Ne4d6 Ne7f5
16.b3 Nf5xd6
17.exd6 Qd8xd6
18.e3 Be6g4
19.h3 Bg4d7
20.exd4 cxd4
21.Nf3xd4 Kh8
22.Nd4xc6 Qd6c7
23.Nc6b4 Ra8e8
24.Qd1d4 Kg8
25.Nb4d5 { resign }
1-0

[Event "Match"]
[Site "www.echecsemail.com"]
[Date "2020.01.29"]
[Round "1"]
[White "Mb20"]
[Black "Libiesse"]
[WhiteElo "1809"]
[BlackElo "2050"]
[Result "1-0"]
[Round "1"]
1.d4 d5
2.c4 e6
3.Ng1f3 Ng8f6
4.Bc1g5 Bf8e7
5.e3 O-O
6.Nb1c3 Nb8d7
7.Bf1d3 dxc4
8.Bd3xc4 h6
9.Bg5xf6 Nd7xf6
10.O-O b6
11.Nf3e5 Bc8b7
12.Ne5g4 c5
13.Ng4xf6 Be7xf6
14.Nc3e2 b5
15.Bc4xb5 Qd8d5
{ time. }
1-0

[Event "Match"]
[Site "www.echecsemail.com"]
[Date "2020.01.29"]
[Round "1"]
[White "Roma753"]
[Black "Estonia"]
[WhiteElo "2120"]
[BlackElo "1880"]
[Result "1-0"]
[Round "1"]
1.Ng1f3 Ng8f6
2.c4 c5
3.Nb1c3 e6
4.g3 d5
5.cxd5 Nf6xd5
6.Bf1g2 Bf8e7
7.O-O O-O
8.d4 Nb8c6
9.e4 Nd5xc3
10.bxc3 cxd4
11.cxd4 f5
12.exf5 exf5
13.d5 Nc6b4
14.Nf3e5 Be7f6
15.Bc1b2 Qd8d6
16.Ne5c4 Qd6a6
17.Bb2xf6 Qa6xf6
18.a3 Nb4a6
19.d6 Na6c5
20.Qd1d5 Bc8e6
21.Qd5xc5 Ra8c8
22.Qc5xa7 Be6xc4
23.Rf1d1 Rc8d8
24.Qa7c5 Bc4a6
25.Ra1b1 Rd8d7
26.Rb1b6 Rf8d8
27.Bg2d5 Kh8
28.Rd1e1 h6
29.Bd5e6 Kh7
30.Qc5xf5 Qf6xf5
31.Be6xf5 g6
32.Bf5xd7 Rd8xd7
33.Re1e7 { resign }
1-0

[Event "Match"]
[Site "www.echecsemail.com"]
[Date "2020.01.29"]
[Round "1"]
[White "Babedad"]
[Black "Apdash"]
[WhiteElo "2310"]
[BlackElo "2190"]
[Result "1-0"]
[Round "1"]
1.Ng1f3 Ng8f6
2.g3 Nb8c6
3.Bf1g2 e5
4.d3 d5
5.Nb1d2 Bc8d7
6.O-O Bf8d6
7.Rf1e1 O-O
8.e4 Bd7g4
9.h3 Bg4h5
10.g4 Bh5g6
11.a3 dxe4
12.dxe4 Qd8d7
13.c3 Ra8d8
14.Nf3h4 Bd6c5
15.b4 Bc5b6
16.Nh4xg6 fxg6
17.Qd1b3 Kh8
18.Nd2f3 Qd7d3
19.Nf3g5 Rd8d7
20.Bg2f1 Qd3d6
21.Bc1e3 h6
22.Be3xb6 axb6
23.Ng5f3 Nf6xg4
24.Bf1g2 Ng4f6
25.Ra1d1 Qd6e7
26.Rd1xd7 Nf6xd7
27.Qb3c2 Rf8f4
28.Qc2d3 Nd7f6
29.Nf3d2 Kh7
30.Re1e3 Qe7d6
31.Qd3xd6 cxd6
32.Nd2c4 d5
33.exd5 Rf4xc4
34.dxc6 bxc6
35.Bg2f1 Rc4e4
36.Re3d3 Nf6d5
37.Bf1g2 Re4e1
38.Kh2 Re1a1
39.c4 Nd5f4
40.Rd3d6 Ra1a2
41.Bg2xc6 Ra2xa3
42.Bc6d7 Ra3d3
43.c5 bxc5
44.bxc5 Rd3c3
45.c6 h5
46.Rd6d2 Kg8
47.Rd2a2 Kf8
48.Ra2a8 Ke7
49.Ra8e8 Kd6
50.Re8g8 Rc3f3
51.Kg1 Nf4xh3
52.Kg2 e4
53.Bd7xh3 Kxc6
54.Rg8xg7 Rf3f6
55.Bh3d7 Kd6
56.Bd7e8 Ke5
57.Be8xg6 Kf4
58.Bg6xh5 e3
59.Rg7g4 Ke5
60.fxe3 Rf6f8
61.Bh5g6 Rf8f6
62.e4 Rf6f8
63.Bg6f5 Rf8a8
64.Rg4g3 Ra8a2
65.Kf3 Ra2a3
66.Kg4 Ra3a7
67.Rg3f3 Ra7g7
68.Kh5 Rg7g1
69.Kh6 Rg1g8
70.Kh7 Rg8g1
71.Rf3h3 Rg1g2
72.Rh3h6 Rg2g1
73.Rh6g6 Rg1a1
74.Rg6e6 Kf4
75.Kg6 Ra1g1
76.Kf6 Rg1g8
77.Bf5g6 Rg8f8
78.Ke7 Rf8a8
79.Re6f6 Kg5
80.Bg6e8 Ra8a7
81.Be8d7 Ra7xd7
82.Kxd7 Kxf6
83.Kd6 Kf7
84.e5 Ke8
85.Ke6 Kf8
86.Kd7 { resign }
1-0

[Event "1/16 Finale"]
[Site "www.chess-mail.com"]
[Date "2020.01.29"]
[Round "1"]
[White "George1955"]
[Black "Asoka"]
[WhiteElo "2610"]
[BlackElo "2700"]
[Result "1/2-1/2"]
[Round "1"]
1.e4 c6
2.d4 d5
3.exd5 cxd5
4.c4 Ng8f6
5.Nb1c3 e6
6.Ng1f3 Bf8e7
7.cxd5 Nf6xd5
8.Bf1d3 O-O
9.O-O Nb8c6
10.Rf1e1 a6
11.Bd3e4 Be7f6
12.a3 Nc6e7
13.Nf3e5 Bc8d7
14.Qd1d3 h6
15.Qd3g3 Bd7c6
16.Be4c2 h5
17.Bc1g5 Ne7f5
18.Bc2xf5 Bf6xg5
19.Bf5c2 Nd5f4
20.Ne5xc6 bxc6
21.Ra1d1 Bg5h6
22.Bc2e4 Ra8b8
23.Nc3a4 c5
24.Qg3c3 cxd4
25.Rd1xd4 Qd8f6
26.Rd4c4 Rf8d8
27.Qc3xf6 gxf6
28.g3 Nf4d3
29.Be4xd3 { draw }
1/2-1/2

[Event "1/128 Finale"]
[Site "www.chess-mail.com"]
[Date "2020.01.29"]
[Round "1"]
[White "Vasylpuzanov"]
[Black "Agmdiazj"]
[WhiteElo "1620"]
[BlackElo "999"]
[Result "0-1"]
[Round "1"]
1.e4 c5
2.Ng1f3 Nb8c6
3.d4 cxd4
4.Nf3xd4 Ng8f6
5.Nb1c3 g6
6.Nd4xc6 bxc6
7.Bc1e3 Bf8g7
8.Bf1d3 O-O
9.O-O d5
10.exd5 cxd5
11.Be3d4 Bc8b7
12.Ra1b1 Rf8e8
13.Qd1d2 { time. }
0-1

[Event "1/128 Finale"]
[Site "www.chess-mail.com"]
[Date "2020.01.29"]
[Round "1"]
[White "Filidor"]
[Black "Vasylpuzanov"]
[WhiteElo "1649"]
[BlackElo "1620"]
[Result "1-0"]
[Round "1"]
1.e4 e5
2.Ng1f3 Nb8c6
3.Bf1b5 a6
4.Bb5a4 Ng8f6
5.O-O b5
6.Ba4b3 Bf8c5
7.Nf3xe5 Nc6xe5
{ time. }
1-0

[Event "Match"]
[Site "www.echecsemail.com"]
[Date "2020.01.30"]
[Round "1"]
[White "Apdash"]
[Black "Whitekknight"]
[WhiteElo "2280"]
[BlackElo "1840"]
[Result "0-1"]
[Round "1"]
1.e4 e5
2.Ng1f3 Nb8c6
3.Bf1c4 h6
4.d4 exd4
5.Nf3xd4 Ng8f6
6.Nd4xc6 bxc6
7.Nb1d2 Bf8c5
8.O-O O-O
9.Nd2b3 Bc5b6
10.a4 a5
11.e5 Nf6h7
12.Qd1h5 Qd8e7
13.Rf1e1 Nh7f6
14.Qh5g6 d5
15.Bc4xd5 Nf6xd5
16.Qg6g3 Kh7
17.Bc1d2 Qe7e6
18.c4 Nd5e7
19.c5 Bb6a7
20.Bd2xa5 Ba7b8
21.Qg3d3 g6
22.Ba5d2 Bc8a6
23.Qd3e3 g5
24.Nb3d4 Qe6d5
25.h4 Ne7g6
26.hxg5 hxg5
27.Nd4f5 Ng6f4
28.g3 Qd5g2
{ resign }
0-1

[Event "Tourn. n10274"]
[Site "www.echecsemail.com"]
[Date "2020.01.30"]
[Round "1"]
[White "Madz123456"]
[Black "Osopanda"]
[WhiteElo "1800"]
[BlackElo "1710"]
[Result "0-1"]
[Round "1"]
1.e4 c5
2.Ng1f3 e6
3.d4 cxd4
4.Nf3xd4 Ng8f6
5.Nb1c3 a6
6.e5 Nf6d5
7.Nc3xd5 exd5
8.Nd4f3 Nb8c6
9.Qd1xd5 { time. }
0-1

[Event "Match"]
[Site "www.echecsemail.com"]
[Date "2020.01.30"]
[Round "1"]
[White "Add"]
[Black "Apdash"]
[WhiteElo "2100"]
[BlackElo "2250"]
[Result "1/2-1/2"]
[Round "1"]
1.d4 d5
2.e4 e6
3.e5 c5
4.dxc5 Bf8xc5
5.Ng1f3 Nb8c6
6.c3 Ng8e7
7.Bc1g5 Qd8c7
8.Bg5xe7 Qc7xe7
9.Bf1d3 Qe7c7
10.Qd1e2 O-O
11.Bd3xh7 Kxh7
12.Nf3g5 Kg6
13.f4 f6
14.Qe2d3 f5
15.Qd3g3 Qc7b6
16.b3 Bc5f2
17.Qg3xf2 Qb6xf2
18.Kxf2 Nc6xe5
19.fxe5 Kxg5
20.h4 Kg6
21.Nb1d2 Bc8d7
22.Nd2f3 Ra8c8
23.Ra1c1 Rc8c7
24.Nf3d4 Rf8c8
25.Rh1h3 Kf7
26.a4 a6
27.h5 b5
28.axb5 axb5
29.b4 Rc7c4
30.Nd4e2 Rc4e4
31.h6 gxh6
32.Rh3xh6 Kg7
33.Rc1h1 d4
34.Rh6h7 Kg6
35.Rh7xd7 dxc3
36.Rh1c1 Re4xe5
37.Rc1xc3 Re5xe2
38.Kxe2 Rc8xc3
39.Rd7b7 e5
40.Rb7xb5 e4
41.Rb5b8 f4
42.b5 Rc3c2
43.Kd1 Rc2b2
44.b6 f3
45.gxf3 exf3
46.Rb8f8 Rb2xb6
{ draw }
1/2-1/2

[Event "Match"]
[Site "www.echecsemail.com"]
[Date "2020.01.30"]
[Round "1"]
[White "Chessdna"]
[Black "Sonny1000"]
[WhiteElo "1710"]
[BlackElo "1590"]
[Result "1-0"]
[Round "1"]
1.e4 e5
2.Ng1f3 f6
3.Bf1c4 Qd8e7
4.Bc4xg8 Rh8xg8
5.O-O g5
6.b3 b5
7.Qd1e2 c6
8.d4 Qe7g7
9.d5 c5
10.Nb1d2 d6
11.Qe2xb5 Nb8d7
12.Nd2c4 g4
13.Nf3h4 Ra8b8
14.Qb5c6 Bc8b7
15.Nc4xd6 Bf8xd6
16.Qc6xd6 Rb8c8
17.Qd6e6 Kd8
18.Nh4f5 Rg8e8
19.Qe6d6 a5
20.Nf5xg7 Re8e7
21.Ng7e6 Ke8
22.Bc1h6 Kf7
23.f3 Ke8
24.f4 f5
25.Ne6g7 Kd8
26.Bh6g5 Rc8c6
27.Bg5xe7 Kc8
28.dxc6 Bb7xc6
29.Qd6xc6 Kb8
30.Be7d6 Ka7
31.Qc6xd7 Kb6
32.Qd7c7 Ka6
33.Bd6xc5 a4
34.Qc7b6 { resign }
1-0

[Event "Tourn. n10288"]
[Site "www.echecsemail.com"]
[Date "2020.01.30"]
[Round "1"]
[White "Mb20"]
[Black "Koudelka"]
[WhiteElo "2200"]
[BlackElo "2479"]
[Result "0-1"]
[Round "1"]
1.d4 Ng8f6
2.c4 e6
3.Ng1f3 Nb8c6
4.Nb1c3 Bf8b4
5.Bc1d2 d5
6.e3 O-O
7.Bf1d3 dxc4
8.Bd3xc4 Bb4d6
9.O-O e5
10.dxe5 Nc6xe5
11.Nf3xe5 Bd6xe5
12.Qd1b3 Be5xh2
13.Kh1 Nf6g4
14.Ra1d1 Qd8h4
{ resign }
0-1

[Event "Match"]
[Site "www.echecsemail.com"]
[Date "2020.01.30"]
[Round "1"]
[White "Gilliere"]
[Black "Dussek"]
[WhiteElo "2050"]
[BlackElo "1870"]
[Result "0-1"]
[Round "1"]
1.e4 c5
2.Ng1f3 e6
3.d4 cxd4
4.Nf3xd4 a6
5.Nb1c3 Qd8c7
6.Nd4f3 Nb8c6
7.Bf1d3 b5
8.a3 Bc8b7
9.O-O Bf8d6
10.h3 Ng8e7
11.Bc1e3 h6
12.Qd1d2 Ne7g6
13.b4 Ng6e5
14.Nf3xe5 Nc6xe5
15.f4 Ne5xd3
16.cxd3 O-O
17.e5 Bd6e7
18.Ra1c1 Ra8c8
19.Nc3d5 Qc7d8
20.Rc1xc8 Bb7xc8
21.Be3b6 Qd8e8
22.Nd5xe7 Qe8xe7
23.Bb6c5 Qe7d8
24.Bc5xf8 Kxf8
25.d4 Bc8b7
26.Qd2d3 Bb7d5
27.Qd3h7 Bd5c4
28.Qh7h8 Ke7
29.Qh8xd8 Kxd8
30.Rf1c1 f6
31.exf6 gxf6
32.Kf2 Ke7
33.Ke3 f5
34.g4 Kf6
35.gxf5 Kxf5
36.Rc1g1 Kf6
37.Rg1g8 Bc4d5
38.h4 Kf7
39.Rg8h8 Kg7
 { time }
0-1

[Event "Match"]
[Site "www.echecsemail.com"]
[Date "2020.01.30"]
[Round "1"]
[White "Jesmantiz"]
[Black "Roma753"]
[WhiteElo "2090"]
[BlackElo "2120"]
[Result "1-0"]
[Round "1"]
1.d4 f5
2.e3 Ng8f6
3.Bf1d3 e6
4.Nb1d2 b6
5.f3 d5
6.Ng1e2 Bf8d6
7.O-O Bc8b7
8.b3 O-O
9.Qd1e1 c5
10.c3 cxd4
11.Ne2xd4 Qd8c7
12.Nd4xe6 Qc7xc3
13.Qe1e2 Qc3xa1
14.Ne6xf8 Kxf8
15.Bc1a3 Qa1e5
16.f4 Qe5e6
17.Bd3xf5 Qe6xf5
18.Ba3xd6 Kf7
19.Qe2e1 Nb8d7
20.Nd2f3 Bb7a6
21.Nf3h4 Qf5e6
22.Bd6a3 Ba6xf1
23.Kxf1 Ra8c8
24.h3 Rc8c2
25.Nh4f3 Rc2xa2
26.Nf3g5 { resign }
1-0

[Event "Tourn. n10284"]
[Site "www.echecsemail.com"]
[Date "2020.01.31"]
[Round "1"]
[White "Agmdiazj"]
[Black "Hansen"]
[WhiteElo "1579"]
[BlackElo "1650"]
[Result "1-0"]
[Round "1"]
1.d4 e6
2.c4 h6
3.Bc1f4 Ng8f6
4.h3 Nb8c6
5.Ng1f3 d5
6.e3 g5
7.Bf4h2 g4
8.hxg4 Nf6xg4
9.Bh2g3 f5
10.c5 b6
11.Bf1b5 Bc8b7
12.Nf3e5 Ng4xe5
13.Bg3xe5 Rh8g8
14.Qd1h5 Kd7
15.Qh5f7 Bf8e7
16.Rh1xh6 a6
17.Qf7xe6 Ke8
18.Qe6xg8 Be7f8
19.Qg8e6 Qd8e7
20.Bb5xc6 Bb7xc6
21.Qe6xc6 Kf7
22.Qc6g6 { resign }
1-0